000 00857nam a22001337a 4500
008 110707t xxu||||| |||| 00| 0 eng d
010 _aC DOC F-140
245 _aUganda Police CID Headquaters 8/7/98 Ref: E/168/98 Uganda Vs: A1. Kiviri x. Francis m/a 49yrs Muganda a businesss of waswa zone Kibuye Makindye, P.o box 15087 Kampala. A2. Walusimbi Godfrey m/a 40yrs muganda businessman of Central zone Kyebando Kawempe North Division P.o Box 30895 Kampala.
260 _c1998
500 _aC. Byamugisha D/SSP Officer Prefering Charge.
999 _c4605
_d4605